MARC details
| 000 -LEADER |
| fixed length control field |
03655cam a22003735a 4500 |
| 001 - CONTROL NUMBER |
| control field |
15592954 |
| 003 - CONTROL NUMBER IDENTIFIER |
| control field |
EG-ScBUE |
| 005 - DATE AND TIME OF LATEST TRANSACTION |
| control field |
20221215092634.0 |
| 008 - FIXED-LENGTH DATA ELEMENTS--GENERAL INFORMATION |
| fixed length control field |
090121s2007 ua ab f b 00010 eeng d |
| 020 ## - INTERNATIONAL STANDARD BOOK NUMBER |
| International Standard Book Number |
184511549X (cloth) |
| 020 ## - INTERNATIONAL STANDARD BOOK NUMBER |
| International Standard Book Number |
9789774160776 (cloth) |
| 035 ## - SYSTEM CONTROL NUMBER |
| System control number |
(OCoLC)ocn156831779 |
| 040 ## - CATALOGING SOURCE |
| Original cataloging agency |
BTCTA |
| Language of cataloging |
eng |
| Description conventions |
rda |
| Transcribing agency |
STF |
| Modifying agency |
BTCTA |
| -- |
BAKER |
| -- |
YDXCP |
| -- |
BWK |
| -- |
CGU |
| -- |
YBM |
| -- |
UKM |
| -- |
CDX |
| -- |
COO |
| -- |
DLC |
| -- |
EG-ScBUE |
| 043 ## - GEOGRAPHIC AREA CODE |
| Geographic area code |
f-ua--- |
| 082 04 - DEWEY DECIMAL CLASSIFICATION NUMBER |
| Classification number |
726.2096216 |
| Item number |
BEH |
| Edition number |
22 |
| 100 1# - MAIN ENTRY--PERSONAL NAME |
| Personal name |
Behrens-Abouseif, Doris, |
| Relator term |
author. |
| 9 (RLIN) |
23004 |
| 245 10 - TITLE STATEMENT |
| Title |
Cairo of the Mamluks : |
| Remainder of title |
a history of the architecture and its culture / |
| Statement of responsibility, etc |
Doris Behrens-Abouseif. |
| 264 #1 - PUBLICATION, DISTRIBUTION, ETC. (IMPRINT) |
| Place of publication, distribution, etc |
Cairo ; |
| -- |
New York : |
| Name of publisher, distributor, etc |
The American Cairo University Press, |
| Date of publication, distribution, etc |
2007. |
| 300 ## - PHYSICAL DESCRIPTION |
| Extent |
xix, 359 pages : |
| Other physical details |
illustrations (chiefly color), maps ; |
| Dimensions |
30 cm |
| 336 ## - CONTENT TYPE |
| Source |
rdacontent |
| Content type term |
text |
| Content type code |
txt |
| 337 ## - MEDIA TYPE |
| Source |
rdamedia |
| Media type term |
unmediated |
| Media type code |
n |
| 338 ## - CARRIER TYPE |
| Source |
rdacarrier |
| Carrier type term |
volume |
| Carrier type code |
nc |
| 504 ## - BIBLIOGRAPHY, ETC. NOTE |
| Bibliography, etc |
Includes bibliographical references and index. |
| 505 0# - FORMATTED CONTENTS NOTE |
| Formatted contents note |
The Mamluk Sultanate (1250-1517) -- Pious patronage -- Motivation and perception of monumental patronage -- The patronage of the civilian elite -- Ceremonial culture -- Treasures, status and style -- Construction : organization and cost -- The growth of the Metropolis -- The Metropolitan architectural style -- The evolution of Mamluk architecture in Cairo -- The successors of the Ayyubids -- The reign of al-Zahir Baybars -- From al-Mansur Qalawun to al-Nasir Muhammad -- The early period of al-Nasir Muhammad's reign -- Al-Nasir Muhammad's Third Reign and after -- The reign of al-Nasir Hasan and after -- The reign of al-Nasir Faraj Ibn Barquq -- The reign of al-Mu'ayyad Shaykh -- The reign of al-Ashraf Barsbay -- The reign of al-Zahir Jaqmaq -- The reign of al-Ashraf Inal -- The reign of al-Ashraf Qaytbay -- The reign of al-Ashraf Qansuh al-Ghawri. |
| 520 ## - SUMMARY, ETC. |
| Summary, etc |
"Cairo of the Mamluks was 'a city beyond imagination', wrote the Arab philosopher Ibn Khaldun. The Mamluk sultans entered history as military slaves recruited by the last Ayyubid sultan of Egypt, and took advantage of the mid-thirteenth century power vacuum to establish themselves as rulers. They designed their capital to be the heart of the Muslim world. It became the focus of their enormous patronage of art and architecture, the stage for their ceremonial rituals, and a memorial to their achievements. This history of Mamluk architecture examines the monuments of the Mamluks in their social, political and urban context during the period of their rule between 1250 and 1517. The book displays the multiple facets of Mamluk patronage, and also provides a succinct discussion of sixty monuments in Cairo. This is a richly illustrated volume with colour photograhps, plans and isometric drawings." "The unique strength of Doris Behrens-Abouseif's work lies in its scholarly yet engaging presentation of original material diligently researched in the waqf (religious endowments) archives, including architectural plans and personal endowment records. It presents a wealth of material, much of it never before published. As such it will form an essential reference work for scholars and students of the art and architecture of the Islamic world as well as art historians and historians of late medieval Islamic history."--Jacket. |
| 650 #7 - SUBJECT ADDED ENTRY--TOPICAL TERM |
| Topical term or geographic name as entry element |
Islamic architecture |
| Geographic subdivision |
Egypt |
| -- |
Cairo. |
| Source of heading or term |
BUEsh |
| 9 (RLIN) |
23005 |
| 650 #7 - SUBJECT ADDED ENTRY--TOPICAL TERM |
| Topical term or geographic name as entry element |
Architecture, Mameluke |
| Geographic subdivision |
Egypt |
| -- |
Cairo. |
| Source of heading or term |
BUEsh |
| 9 (RLIN) |
23006 |
| 650 #7 - SUBJECT ADDED ENTRY--TOPICAL TERM |
| Topical term or geographic name as entry element |
Mosques |
| Geographic subdivision |
Egypt |
| -- |
Cairo. |
| Source of heading or term |
BUEsh |
| 9 (RLIN) |
23007 |
| 650 #7 - SUBJECT ADDED ENTRY--TOPICAL TERM |
| Topical term or geographic name as entry element |
Tombs |
| Geographic subdivision |
Egypt |
| -- |
Cairo. |
| Source of heading or term |
BUEsh |
| 9 (RLIN) |
23008 |
| 651 ## - SUBJECT ADDED ENTRY--GEOGRAPHIC NAME |
| Source of heading or term |
BUEsh |
| 653 ## - INDEX TERM--UNCONTROLLED |
| Resource For college |
Engineering, Architecture |
| -- |
Communication and mass media |
| Arrived date list |
April2011 |
| -- |
February2019 |
| 655 ## - INDEX TERM--GENRE/FORM |
| Form subdivision |
Reading book |
| 942 ## - ADDED ENTRY ELEMENTS (KOHA) |
| Source of classification or shelving scheme |
Dewey Decimal Classification |
| Koha item type |
Book - Borrowing |